Communication Networks . (Record no. 24003)

000 -LEADER
fixed length control field 00260nam a22000857a 4500
003 - CONTROL NUMBER IDENTIFIER
control field Nust
005 - DATE AND TIME OF LATEST TRANSACTION
control field 20170412125813.0
008 - FIXED-LENGTH DATA ELEMENTS--GENERAL INFORMATION
fixed length control field 140430b xxu||||| |||| 00| 0 eng d
020 ## - INTERNATIONAL STANDARD BOOK NUMBER
Terms of availability Available
International Standard Book Number 0070595011
040 ## - CATALOGING SOURCE
Original cataloging agency DLC
Language of cataloging DLC
Transcribing agency RCMS
082 ## - DEWEY DECIMAL CLASSIFICATION NUMBER
Edition number 2nd,ed.
Classification number 621.3821 GAR
245 ## - TITLE STATEMENT
Title Communication Networks .
Statement of responsibility, etc. Garcia, Alberto Leon
Remainder of title Fundamental Concepts And Key Architectures
260 ## - PUBLICATION, DISTRIBUTION, ETC.
Place of publication, distribution, etc. New Delhi
Name of publisher, distributor, etc. Tata McGraw-Hill
Date of publication, distribution, etc. c2004
300 ## - PHYSICAL DESCRIPTION
Extent xvi,900, p:
Other physical details ill:
Dimensions 25,cm.
538 ## - SYSTEM DETAILS NOTE
Display text Shelf # 15, Row # 3, Communication.
650 ## - SUBJECT ADDED ENTRY--TOPICAL TERM
Topical term or geographic name entry element 1.Telecommunication Systems 2. Computer network architectures 3. computer networks
856 ## - ELECTRONIC LOCATION AND ACCESS
Materials specified Table of Content Only
942 ## - ADDED ENTRY ELEMENTS (KOHA)
Source of classification or shelving scheme
Koha item type Book
Holdings
Withdrawn status Lost status Source of classification or shelving scheme Damaged status Not for loan Permanent Location Current Location Shelving location Date acquired Total Checkouts Full call number Barcode Date last seen Price effective from Koha item type
          NUST Baluchistan Campus (NBC) NUST Baluchistan Campus (NBC) General Stacks 04/30/2014   621.3821GAR RCMS000443 04/30/2014 04/30/2014 Book
          NUST Baluchistan Campus (NBC) NUST Baluchistan Campus (NBC) General Stacks 04/30/2014   621.3821GAR RCMS000444 03/27/2018 04/30/2014 Book
          School of Interdisciplinary Engineering and Sciences (SINES) School of Interdisciplinary Engineering and Sciences (SINES) General Stacks 04/30/2014   621.3821GAR RCMS000442 04/30/2014 04/30/2014 Book
© 2023 Central Library, National University of Sciences and Technology. All Rights Reserved.